书目信息 |
| 题名: |
药物制剂生产工艺与注解
|
|
| 作者: | 徐荣周 , 缪立德 , 薛大权 主编 | |
| 分册: | ||
| 出版信息: | 北京 化学工业出版社 2008.01 |
|
| 页数: | 704页 | |
| 开本: | 26cm | |
| 丛书名: | ||
| 单 册: | ||
| 中图分类: | TQ460.6 | |
| 科图分类: | ||
| 主题词: | 药物--yao wu--制剂--生产工艺 | |
| 电子资源: | ||
| ISBN: | 978-7-122-01730-7 | |
| 000 | 01021nam0 2200277 450 | |
| 001 | 012009066886 | |
| 005 | 20091028101958.47 | |
| 010 | @a978-7-122-01730-7@dCNY125.00 | |
| 100 | @a20091028d2008 em y0chiy0120 ea | |
| 101 | 0 | @achi |
| 102 | @aCN@b110000 | |
| 105 | @aak a 000yy | |
| 106 | @ar | |
| 200 | 1 | @a药物制剂生产工艺与注解@Ayao wu zhi ji sheng chan gong yi yu zhu jie@f徐荣周 ... [等] 主编@Fxu rong zhou...[deng]zhu bian |
| 210 | @a北京@c化学工业出版社@d2008.01 | |
| 215 | @a704页@c图@d26cm | |
| 304 | @a题名页题 : 徐荣周, 缪立德, 薛大权, 夏鸿林主编 | |
| 320 | @a有书目 (第704页) | |
| 330 | @a本书总结了国内药物制剂的研究与生产成果,系统介绍了口服液制剂、注射剂、输液制剂、滴眼剂、片剂、胶囊剂、软膏剂、乳膏剂、眼膏剂研究和生产的相关内容。 | |
| 606 | 0 | @a药物@Ayao wu@x制剂@x生产工艺 |
| 690 | @aTQ460.6@v4 | |
| 701 | 1 | @a徐荣周@Axu rong zhou@4主编 |
| 701 | 0 | @a缪立德@Amiao li de@4主编 |
| 701 | 0 | @a薛大权@Axue da quan@4主编 |
| 801 | 0 | @aCN@bQSSK@c20091028 |
| 905 | @b764892@dTQ460.6@eX789@f1 | |
| 药物制剂生产工艺与注解/徐荣周 ... [等] 主编.-北京:化学工业出版社,2008.01 |
| 704页:图;26cm |
| ISBN 978-7-122-01730-7:CNY125.00 |
| 本书总结了国内药物制剂的研究与生产成果,系统介绍了口服液制剂、注射剂、输液制剂、滴眼剂、片剂、胶囊剂、软膏剂、乳膏剂、眼膏剂研究和生产的相关内容。 |
| ● |
| 相关链接 |
|
|
|
正题名:药物制剂生产工艺与注解
索取号:TQ460.6/X789
 
预约/预借
| 序号 | 登录号 | 条形码 | 馆藏地/架位号 | 状态 | 备注 |
| 1 | 764892 | 207648928 | 自科库501/501自科库 69排2列3层/ [索取号:TQ460.6/X789] | 在馆 |